Notebooks: The Journal for Studies on Power.

محفوظ في:

التنسيق: دورية

اللغة: Undetermined

الموضوعات:

الوصول للمادة أونلاين: Login to view Source

الوسوم: إضافة وسم

لا توجد وسوم, كن أول من يضع وسما على هذه التسجيلة!

رقم الطلب:

LEADER 00527nms a2200181Ia 4500
005 20240402060049.0
008 240131s9999||||xx |||||||||||||||||und||
999 |c 56529  |d 56529 
022 |a 2666-7177 
022 |a 2666-7185 
245 0 0 |a Notebooks: The Journal for Studies on Power. 
336 |2 rdacontent  |a text  |b txt 
337 |2 rdamedia  |a unmediated  |b n 
338 |2 rdacarrier  |a volume  |b n 
500 |a BRILLBRILLJ 
650 4 |a Social theory. 
856 |z POWR  |u https://brill.com/view/journals/powr/powr-overview.xml 
942 |2 lcc  |c EJL